Les syndromes douloureux de la fosse iliaque et du flanc droits ... (Record no. 38711)

MARC details
000 -LEADER
fixed length control field 00598cam a22002171 4500
001 - CONTROL NUMBER
control field med47002956
003 - CONTROL NUMBER IDENTIFIER
control field DLC
005 - DATE AND TIME OF LATEST TRANSACTION
control field 20260227111607.0
008 - FIXED-LENGTH DATA ELEMENTS--GENERAL INFORMATION
fixed length control field 810815s1945 xx a 000 0 fre
010 ## - LIBRARY OF CONGRESS CONTROL NUMBER
LC control number med47002956
035 ## - SYSTEM CONTROL NUMBER
System control number (OCoLC)14746652
040 ## - CATALOGING SOURCE
Original cataloging agency DLC
Transcribing agency DNLM
Modifying agency DLC
042 ## - AUTHENTICATION CODE
Authentication code premarc
050 00 - LIBRARY OF CONGRESS CALL NUMBER
Classification number RC860
Item number .M4
060 0# - NATIONAL LIBRARY OF MEDICINE CALL NUMBER
Classification number WI 400
Item number M561s 1945
100 1# - MAIN ENTRY--PERSONAL NAME
Personal name Mériel, Edouard,
Dates associated with a name 1871-
245 14 - TITLE STATEMENT
Title Les syndromes douloureux de la fosse iliaque et du flanc droits ...
260 ## - PUBLICATION, DISTRIBUTION, ETC.
Place of publication, distribution, etc. Paris,
Name of publisher, distributor, etc. Doin,
Date of publication, distribution, etc. 1945.
300 ## - PHYSICAL DESCRIPTION
Extent 374 p.
Other physical details ill.
490 0# - SERIES STATEMENT
Series statement Bibliothèque des grands syndromes

No items available.

Powered by Koha